[Event "oibm_2008"]
[Site "Bad Wiessee"]
[Date "2008.11.01"]
[Round "1.1"]
[White "Christiani, Jörg"]
[Black "Burmakin, Vladimir"]
[Result "0-1"]
[WhiteElo "2036"]
[BlackElo "2625"]
[PlyCount "95"]
[EventDate "2008.??.??"]

1. Nf3 d5 2. d4 Nf6 3. c4 e6 4. Bg5 Be7 5. Nc3 h6 6. Bxf6 Bxf6 7. e3 O-O 8. Rc1
c6 9. Be2 Nd7 10. cxd5 exd5 11. b4 a6 12. a4 Nb6 13. O-O Bf5 14. Qb3 Qd6 15.
Rfd1 Be7 16. Na2 Rfb8 17. Ne5 f6 18. Nf3 a5 19. Nh4 Be6 20. Ng6 axb4 21. Nxe7+
Qxe7 22. Nxb4 Bf7 23. Ra1 Nc4 24. Nd3 Ra5 25. Nb2 b5 26. Bf3 Qa7 27. Nxc4 bxc4
28. Qa3 Qb6 29. Rdc1 Qb4 30. Qxb4 Rxb4 31. Bd1 Bg6 32. Kf1 Rb2 33. Ke1 Kf8 34.
Ra3 Ke7 35. Rca1 Bb1 36. Rc3 Kd6 37. Rc1 Bg6 38. Ra3 c5 39. dxc5+ Kxc5 40. Rb3
Rxb3 41. Bxb3 Kb4 42. Bd1 c3 43. Ke2 Kc4 44. f3 Bd3+ 45. Ke1 d4 46. exd4 Kxd4
47. Bb3 Re5+ 48. Kd1 0-1

[Event "oibm_2008"]
[Site "Bad Wiessee"]
[Date "2008.11.01"]
[Round "1.2"]
[White "Yemelin, Vasily"]
[Black "Schön, Rudolf"]
[Result "1-0"]
[WhiteElo "2573"]
[BlackElo "2034"]
[PlyCount "23"]
[EventDate "2008.??.??"]

1. e4 c5 2. Nf3 Nc6 3. Bb5 Nf6 4. Nc3 Nd4 5. e5 Nxb5 6. Nxb5 Nd5 7. Ng5 e6 8.
Ne4 b6 9. Qf3 f5 10. exf6 gxf6 11. Qh5+ Ke7 12. Nbd6 1-0

[Event "oibm_2008"]
[Site "Bad Wiessee"]
[Date "2008.11.01"]
[Round "1.3"]
[White "Sakkal, Cherin"]
[Black "Bobras, Piotr"]
[Result "0-1"]
[WhiteElo "2033"]
[BlackElo "2565"]
[PlyCount "46"]
[EventDate "2008.??.??"]

1. e4 c5 2. Nf3 d6 3. d4 cxd4 4. Nxd4 Nf6 5. Nc3 a6 6. Bg5 e6 7. Qf3 Be7 8.
O-O-O Qc7 9. g4 b5 10. a3 Nbd7 11. Qg3 Bb7 12. Bxf6 Nxf6 13. Bd3 Rc8 14. Rhe1
O-O 15. h4 Qb6 16. f4 Qxd4 17. e5 Rxc3 18. bxc3 Qc5 19. exf6 Bxf6 20. Re3 Rc8
21. Kd2 Bxc3+ 22. Ke2 Bd4 23. Be4 Bxe4 0-1

[Event "oibm_2008"]
[Site "Bad Wiessee"]
[Date "2008.11.01"]
[Round "1.4"]
[White "Andersson, Ulf"]
[Black "Guggenberger, Guido"]
[Result "1-0"]
[WhiteElo "2562"]
[BlackElo "2032"]
[PlyCount "78"]
[EventDate "2008.??.??"]

1. Nf3 g6 2. d4 Bg7 3. c4 d6 4. Nc3 e5 5. e4 Nc6 6. d5 Nce7 7. g3 h6 8. Bg2 f5
9. exf5 gxf5 10. Nh4 Nf6 11. f4 e4 12. Be3 O-O 13. O-O c6 14. dxc6 bxc6 15. Bh3
Be6 16. Qe2 Qa5 17. Rac1 d5 18. cxd5 Nfxd5 19. Nxe4 Nxe3 20. Qxe3 Qb4 21. Nf2
Bxa2 22. Rfe1 Rae8 23. Nd3 Qd4 24. Nf3 Qb6 25. Nfe5 Bd5 26. Bg2 Qxe3+ 27. Rxe3
Ng6 28. Bxd5+ cxd5 29. Rc6 Rf6 30. Rc5 Rd6 31. Kf2 Nxe5 32. fxe5 Rd7 33. Kf3
Re6 34. Kf4 d4 35. Re2 Rf7 36. Rd5 h5 37. Rxd4 Bh6+ 38. Kf3 Kg7 39. Nf4 Rb6 1-0

[Event "oibm_2008"]
[Site "Bad Wiessee"]
[Date "2008.11.01"]
[Round "1.5"]
[White "Endisch, Peter"]
[Black "Eingorn, Vereslav"]
[Result "0-1"]
[WhiteElo "2031"]
[BlackElo "2557"]
[PlyCount "100"]
[EventDate "2008.??.??"]

1. e4 c5 2. Nf3 e6 3. c3 d5 4. exd5 Qxd5 5. d4 Nc6 6. Na3 Bd7 7. Bc4 Qe4+ 8.
Be2 cxd4 9. Nb5 Rc8 10. O-O a6 11. Nbxd4 Nf6 12. Re1 Qd5 13. c4 Qd6 14. b3 Be7
15. Bb2 O-O 16. Nxc6 Bxc6 17. Qxd6 Bxd6 18. Ne5 Be4 19. Ng4 Nxg4 20. Bxg4 Bc6
21. Rad1 Rfd8 22. Re3 Bc5 23. Red3 Rxd3 24. Rxd3 Kf8 25. Kf1 Ke7 26. Bf3 Bxf3
27. Rxf3 f6 28. Rh3 h6 29. Rg3 Rg8 30. Ke2 Bd6 31. Rh3 Rc8 32. g3 e5 33. Rh4
Ke6 34. Re4 h5 35. Kd1 g5 36. Re2 g4 37. Rd2 b5 38. Rc2 bxc4 39. bxc4 Kf5 40.
Ke2 Ke4 41. Rc3 Bb4 42. Rc2 Rc6 43. Bc1 f5 44. Bd2 Bxd2 45. Kxd2 Kd4 46. Rc3
Rxc4 47. Rd3+ Kc5 48. Ra3 Kb5 49. Kd3 Rd4+ 50. Ke3 Ra4 0-1

[Event "oibm_2008"]
[Site "Bad Wiessee"]
[Date "2008.11.01"]
[Round "1.7"]
[White "Hovens, Geert"]
[Black "Prusikin, Michael"]
[Result "0-1"]
[WhiteElo "2029"]
[BlackElo "2538"]
[PlyCount "34"]
[EventDate "2008.??.??"]

1. e4 e6 2. d4 d5 3. e5 c5 4. c3 Nc6 5. Nf3 Bd7 6. Be2 Nge7 7. Nbd2 cxd4 8.
cxd4 Nf5 9. Nb3 a5 10. g4 Nh4 11. Nxh4 Qxh4 12. Be3 a4 13. Nc5 Bxc5 14. dxc5
Nxe5 15. Bf4 Qf6 16. Qd2 O-O 17. h4 Bb5 0-1

[Event "oibm_2008"]
[Site "Bad Wiessee"]
[Date "2008.11.01"]
[Round "1.8"]
[White "Edouard, Romain"]
[Black "Schulze, Joachim"]
[Result "1-0"]
[WhiteElo "2531"]
[BlackElo "2027"]
[PlyCount "49"]
[EventDate "2008.??.??"]

1. e4 c6 2. d4 d5 3. e5 c5 4. Nf3 Bg4 5. dxc5 Nc6 6. Bb5 a6 7. Bxc6+ bxc6 8. c3
Bxf3 9. Qxf3 e6 10. b4 a5 11. a3 Ne7 12. O-O Ng6 13. Re1 Qb8 14. Bf4 Qb5 15.
Nd2 Be7 16. Bg3 O-O 17. Qe3 Rfb8 18. Nb3 Bd8 19. Nd4 Qb7 20. f4 Qd7 21. f5 Nf8
22. f6 gxf6 23. exf6 Bxf6 24. Bxb8 Rxb8 25. Qg3+ 1-0

[Event "oibm_2008"]
[Site "Bad Wiessee"]
[Date "2008.11.01"]
[Round "1.9"]
[White "Ries, Berthold"]
[Black "Naumann, Alexander"]
[Result "0-1"]
[WhiteElo "2021"]
[BlackElo "2518"]
[PlyCount "88"]
[EventDate "2008.??.??"]

1. e4 e5 2. Nf3 Nc6 3. Bb5 a6 4. Bxc6 dxc6 5. O-O Be6 6. d4 exd4 7. Nxd4 Bc4 8.
Re1 c5 9. Nf3 Qxd1 10. Rxd1 Be2 11. Re1 Bxf3 12. gxf3 O-O-O 13. Nc3 Ne7 14. Be3
Ng6 15. Red1 Bd6 16. Ne2 f5 17. exf5 Nh4 18. f4 Nxf5 19. Ng3 Rhf8 20. Ne4 Rde8
21. Nxd6+ cxd6 22. Rd3 Rf6 23. Rad1 Rg6+ 24. Kf1 Rh6 25. Kg2 Ree6 26. h3 Reg6+
27. Kf3 Rxh3+ 28. Ke4 Rf6 29. Rd5 g6 30. Kd3 Re6 31. Re1 Ne7 32. Rg5 Nf5 33. c4
Kd7 34. Rgg1 Kc6 35. Rh1 Rxh1 36. Rxh1 h5 37. Rd1 h4 38. Ke2 b5 39. b3 h3 40.
Rh1 Rxe3+ 41. fxe3 Ng3+ 42. Kf3 Nxh1 43. e4 bxc4 44. bxc4 h2 0-1

[Event "oibm_2008"]
[Site "Bad Wiessee"]
[Date "2008.11.01"]
[Round "1.10"]
[White "Jaracz, Pawel"]
[Black "Vranidis, Georgios"]
[Result "1-0"]
[WhiteElo "2513"]
[BlackElo "2020"]
[PlyCount "81"]
[EventDate "2008.??.??"]

1. d4 Nf6 2. c4 e5 3. dxe5 Ng4 4. Nf3 Nc6 5. e3 Ngxe5 6. Be2 Bb4+ 7. Bd2 Qe7 8.
O-O Bxd2 9. Qxd2 Nxf3+ 10. Bxf3 Ne5 11. Be2 d6 12. Nc3 Be6 13. b3 f5 14. f4 Nd7
15. Bf3 O-O-O 16. Rfe1 Qf7 17. Nb5 a6 18. Nd4 Nc5 19. Rac1 Ne4 20. Bxe4 fxe4
21. c5 dxc5 22. Rxc5 Rd5 23. Rec1 Rxc5 24. Rxc5 Rd8 25. Qc2 Bd5 26. a4 Kb8 27.
b4 Rd7 28. a5 Qf6 29. b5 axb5 30. Rxb5 g5 31. f5 g4 32. Qc3 Qd6 33. Rc5 g3 34.
Nb5 gxh2+ 35. Kh1 Qe7 36. f6 Qf7 37. Qe5 Bc6 38. Nd4 Bd5 39. Kxh2 Rd6 40. Nb5
Rxf6 41. Rxd5 1-0

[Event "oibm_2008"]
[Site "Bad Wiessee"]
[Date "2008.11.01"]
[Round "1.11"]
[White "Hefter, Franz"]
[Black "Teske, Henrik"]
[Result "0-1"]
[WhiteElo "2019"]
[BlackElo "2513"]
[PlyCount "48"]
[EventDate "2008.??.??"]

1. d4 Nf6 2. c4 c5 3. d5 b5 4. Nf3 e6 5. Bg5 b4 6. e4 d6 7. Bd3 Nbd7 8. h3 Be7
9. Qc1 O-O 10. O-O a5 11. Re1 Ne5 12. Nxe5 dxe5 13. Be3 Ne8 14. a4 f5 15. f4
fxe4 16. Bxe4 Nf6 17. Bc2 exf4 18. Bxf4 exd5 19. cxd5 Nxd5 20. Bb3 Bb7 21. Qe3
Kh8 22. Bxd5 Qxd5 23. Re2 Bf6 24. Nd2 Bd4 0-1

[Event "oibm_2008"]
[Site "Bad Wiessee"]
[Date "2008.11.01"]
[Round "1.12"]
[White "Handke, Florian"]
[Black "Klaus, Daniel"]
[Result "1-0"]
[WhiteElo "2498"]
[BlackElo "2015"]
[PlyCount "43"]
[EventDate "2008.??.??"]

1. e4 c5 2. Nf3 e6 3. Nc3 a6 4. d4 cxd4 5. Nxd4 Qc7 6. Bd3 Nc6 7. Be3 Nf6 8.
O-O Be7 9. Kh1 O-O 10. f4 d6 11. Qf3 Bd7 12. Qg3 Nxd4 13. Bxd4 Bc6 14. Rae1 b5
15. Re3 Rfe8 16. e5 dxe5 17. fxe5 Nd7 18. Bxh7+ Kxh7 19. Rxf7 Bf8 20. Qg5 Qd8
21. Qh5+ Kg8 22. Rf4 1-0

[Event "oibm_2008"]
[Site "Bad Wiessee"]
[Date "2008.11.01"]
[Round "1.13"]
[White "de Boer, Harold"]
[Black "Lauber, Arnd"]
[Result "0-1"]
[WhiteElo "2014"]
[BlackElo "2497"]
[PlyCount "81"]
[EventDate "2008.??.??"]

1. e4 c6 2. d4 d5 3. Nd2 dxe4 4. Nxe4 Bf5 5. Ng3 Bg6 6. Nf3 e6 7. h4 h6 8. h5
Bh7 9. Bd3 Bxd3 10. Qxd3 Nf6 11. Bd2 Be7 12. O-O-O O-O 13. Ne5 c5 14. dxc5 Qc7
15. Qe2 Qxc5 16. Ng4 Rc8 17. Bc3 Qg5+ 18. Ne3 Nc6 19. Kb1 b5 20. Qf3 Ne5 21.
Bxe5 Qxe5 22. Rhe1 Qc5 23. Re2 a5 24. Ne4 Nxe4 25. Qxe4 Qxh5 26. g4 Qc5 27. Rd7
Rd8 28. Red2 Rac8 29. Qb7 Bf6 30. Rxd8+ Rxd8 31. Rxd8+ Bxd8 32. Qb8 Qb6 33. Qa8
g6 34. a4 bxa4 35. Nc4 Qd4 36. Qc6 Qd1+ 37. Ka2 Qxc2 38. Qe8+ Kg7 39. Ne5 Qb3+
40. Ka1 Qd1+ 41. Ka2 0-1

[Event "oibm_2008"]
[Site "Bad Wiessee"]
[Date "2008.11.01"]
[Round "1.14"]
[White "Hossain, Enamul"]
[Black "Dittmar, Thomas"]
[Result "1-0"]
[WhiteElo "2494"]
[BlackElo "2013"]
[PlyCount "27"]
[EventDate "2008.??.??"]

1. e4 c6 2. d3 e5 3. Nf3 Nf6 4. Nbd2 d5 5. Nxe5 dxe4 6. dxe4 Qa5 7. Nec4 Qc7 8.
e5 Nfd7 9. Qe2 Nc5 10. Nd6+ Kd8 11. N2c4 Be6 12. Bg5+ Be7 13. Qd2 Bd5 14. Nxf7+
1-0

[Event "oibm_2008"]
[Site "Bad Wiessee"]
[Date "2008.11.01"]
[Round "1.15"]
[White "Brückel, Gerhard"]
[Black "Farago, Ivan"]
[Result "0-1"]
[WhiteElo "2011"]
[BlackElo "2489"]
[PlyCount "136"]
[EventDate "2008.??.??"]

1. Nf3 Nf6 2. b3 d5 3. Bb2 c6 4. e3 Bf5 5. Be2 e6 6. d3 h6 7. Nbd2 Be7 8. Ne5
O-O 9. O-O a5 10. Bf3 Bh7 11. Qe2 a4 12. a3 axb3 13. cxb3 Ne8 14. d4 Nd6 15.
Bg4 Na6 16. Rfc1 Nc7 17. Nd3 Nce8 18. Nc5 Nf6 19. Bh3 Qb8 20. f3 b6 21. Nd3 Qb7
22. Nf2 c5 23. g3 cxd4 24. Bxd4 Nd7 25. e4 dxe4 26. fxe4 Rac8 27. Re1 Rc2 28.
Rad1 Rfc8 29. Qg4 Bg6 30. Bf1 e5 31. Ba1 b5 32. Bd3 Ra2 33. a4 Bg5 34. Nf3 Nf6
35. Qh3 Qb6 36. Bd4 exd4 37. Nxg5 Rxf2 38. Kxf2 hxg5 39. axb5 g4 40. Qg2 Bxe4
41. Rxe4 Nfxe4+ 42. Bxe4 d3+ 43. Kf1 Rc2 44. Qg1 Qxg1+ 45. Kxg1 Nxe4 46. Rxd3
Rc5 47. Rd4 Nf6 48. Rb4 Nd5 49. Rxg4 Rxb5 50. Rd4 Nc3 51. Rd8+ Kh7 52. Ra8 Rxb3
53. Kg2 Rb2+ 54. Kg1 Ne4 55. Ra4 Ng5 56. h4 Nf3+ 57. Kf1 f5 58. Rf4 Nh2+ 59.
Kg1 Kg6 60. Ra4 Kh5 61. Rf4 g6 62. Kh1 Ng4 63. Kg1 Ne3 64. Rf3 Re2 65. Rf4 Rg2+
66. Kh1 Rxg3 67. Rf2 Kxh4 68. Rg2 Nxg2 0-1

[Event "oibm_2008"]
[Site "Bad Wiessee"]
[Date "2008.11.01"]
[Round "1.16"]
[White "Schneider, Ilja"]
[Black "Lucas, Olav"]
[Result "1-0"]
[WhiteElo "2486"]
[BlackElo "2010"]
[PlyCount "30"]
[EventDate "2008.??.??"]

1. e4 e5 2. Nf3 Nf6 3. Nc3 d6 4. d4 exd4 5. Nxd4 Be7 6. g3 Nbd7 7. Bg2 a6 8.
O-O h5 9. Nf5 Bf8 10. Bg5 g6 11. Ne3 Be7 12. f4 Nf8 13. e5 Ng8 14. Bxe7 Nxe7
15. Ne4 Bd7 1-0

[Event "oibm_2008"]
[Site "Bad Wiessee"]
[Date "2008.11.01"]
[Round "1.17"]
[White "Paschmann, Stefan"]
[Black "Henrichs, Thomas"]
[Result "0-1"]
[WhiteElo "2010"]
[BlackElo "2485"]
[PlyCount "46"]
[EventDate "2008.??.??"]

1. d4 Nf6 2. Nf3 g6 3. Nc3 d5 4. Bf4 c6 5. e3 Nh5 6. Bg5 h6 7. Bh4 Qb6 8. a3
Bg7 9. Be2 g5 10. Ne5 gxh4 11. Bxh5 Bxe5 12. dxe5 Qxb2 13. Kd2 Qb6 14. Qf3 Be6
15. Rhb1 Qc7 16. Qf4 Nd7 17. Qxh4 Nxe5 18. Qd4 Rg8 19. g3 Bg4 20. Bxg4 Rxg4 21.
Qc5 Rc4 22. Nxd5 cxd5 23. Qb5+ Qc6 0-1

[Event "oibm_2008"]
[Site "Bad Wiessee"]
[Date "2008.11.01"]
[Round "1.19"]
[White "Gebhard, Dietmar"]
[Black "Mainka, Romuald"]
[Result "0-1"]
[WhiteElo "2008"]
[BlackElo "2482"]
[PlyCount "60"]
[EventDate "2008.??.??"]

1. d4 f5 2. Nf3 d6 3. g3 Nf6 4. Bg2 g6 5. O-O Bg7 6. c4 O-O 7. Nc3 Qe8 8. d5 a5
9. Nd4 Na6 10. e4 fxe4 11. Nxe4 Nxe4 12. Bxe4 Bh3 13. Bg2 Bxg2 14. Kxg2 Nc5 15.
Be3 c6 16. dxc6 bxc6 17. b3 Qd7 18. Rc1 e5 19. Ne2 Ne6 20. Nc3 Rad8 21. Ne4 Qe7
22. Qe2 d5 23. cxd5 cxd5 24. Bc5 Nxc5 25. Nxc5 e4 26. Rfd1 Rf5 27. Qa6 Qf7 28.
Rc2 Re5 29. Kg1 h5 30. Qb7 Qf3 0-1

[Event "oibm_2008"]
[Site "Bad Wiessee"]
[Date "2008.11.01"]
[Round "1.20"]
[White "Hoffmann, Michael"]
[Black "Sabel, Reinhard"]
[Result "1-0"]
[WhiteElo "2469"]
[BlackElo "2008"]
[PlyCount "55"]
[EventDate "2008.??.??"]

1. e4 e5 2. Nf3 Nc6 3. Bb5 f5 4. Qe2 fxe4 5. Bxc6 dxc6 6. Qxe4 Bd6 7. Nxe5 Nf6
8. Qe2 Qe7 9. Nc4 Qxe2+ 10. Kxe2 Bc5 11. d3 O-O 12. Be3 Re8 13. Kd2 Bb4+ 14.
Nc3 Be6 15. a3 Bf8 16. Na5 Nd5 17. Nxb7 Nxe3 18. fxe3 Rab8 19. Na5 Rxb2 20.
Nxc6 Bd7 21. Nd4 Rbb8 22. Rab1 Rxb1 23. Rxb1 Bxa3 24. Rb7 Bd6 25. h3 a6 26. Ne4
Be5 27. Ra7 Bc8 28. Nf3 1-0

[Event "oibm_2008"]
[Site "Bad Wiessee"]
[Date "2008.11.01"]
[Round "1.21"]
[White "Willin, Bernhard"]
[Black "Nuber, Korbinian"]
[Result "1/2-1/2"]
[WhiteElo "2007"]
[BlackElo "2176"]
[PlyCount "83"]
[EventDate "2008.??.??"]

1. d4 g6 2. Nf3 Bg7 3. e3 d6 4. Be2 Nd7 5. O-O Ngf6 6. b3 c5 7. Bb2 cxd4 8.
exd4 d5 9. Nbd2 O-O 10. Re1 Re8 11. Bf1 Nf8 12. Ne5 a6 13. c4 Bf5 14. c5 h5 15.
b4 Qc7 16. h3 Ne4 17. Bd3 Nxd2 18. Qxd2 Bxd3 19. Qxd3 Nd7 20. Nf3 a5 21. b5
Nxc5 22. dxc5 Bxb2 23. Rab1 Bf6 24. Qxd5 Red8 25. Qc4 Qd7 26. Re2 Rac8 27. Rc1
Qd5 28. a4 e6 29. Rd2 Qxc4 30. Rxc4 Kf8 31. Kf1 Ke8 32. Ke2 Rd7 33. Rdc2 Rd5
34. c6 bxc6 35. Rxc6 Rxc6 36. Rxc6 Bd8 37. Ke3 Kd7 38. Rc4 Bb6+ 39. Ke2 Bc5 40.
g3 Kd6 41. h4 f6 42. Rc2 1/2-1/2

[Event "oibm_2008"]
[Site "Bad Wiessee"]
[Date "2008.11.01"]
[Round "1.22"]
[White "Pena Gomez, Manuel"]
[Black "Müller, Frank"]
[Result "0-1"]
[WhiteElo "2467"]
[BlackElo "2005"]
[PlyCount "120"]
[EventDate "2008.??.??"]

1. c4 Nf6 2. Nc3 d5 3. e3 g6 4. Qb3 c6 5. Nf3 Bg7 6. cxd5 cxd5 7. Bb5+ Nc6 8.
Ne5 Qd6 9. d4 O-O 10. f4 e6 11. Bd2 Nd7 12. O-O f6 13. Nd3 Na5 14. Qa4 Nc4 15.
Bxc4 Nb6 16. Qc2 Nxc4 17. Bc1 Bd7 18. a4 Rfc8 19. b3 Na5 20. Ba3 Qc7 21. Rac1
b6 22. Bb4 Nc6 23. Nb5 Qd8 24. Qe2 Nxb4 25. Nxb4 Bf8 26. Na6 Bxb5 27. Qxb5 Rxc1
28. Rxc1 Rc8 29. Rc6 Qe8 30. Rxc8 Qxc8 31. Qd3 Qc1+ 32. Kf2 Bd6 33. h4 f5 34.
Qe2 h5 35. b4 Be7 36. g3 Kf7 37. Kg2 Bd6 38. a5 Qc3 39. axb6 axb6 40. Kf3 Bxb4
41. Qb5 Be7 42. Qxb6 Qd3 43. Kf2 Qd2+ 44. Kf1 Qxe3 45. Nc7 Qf3+ 46. Ke1 Qxg3+
47. Ke2 Qg2+ 48. Ke1 Bxh4+ 49. Kd1 Qf1+ 50. Kc2 Qe2+ 51. Kb1 Be7 52. Nb5 Qe1+
53. Kc2 Qb4 54. Kd1 h4 55. Qc6 h3 56. Nc7 Qxd4+ 57. Ke1 Bb4+ 58. Kf1 Qc4+ 59.
Qxc4 dxc4 60. Nb5 c3 0-1

[Event "oibm_2008"]
[Site "Bad Wiessee"]
[Date "2008.11.01"]
[Round "1.23"]
[White "Mittelbachert, Ulrich"]
[Black "Meins, Gerlef"]
[Result "0-1"]
[WhiteElo "2003"]
[BlackElo "2460"]
[PlyCount "58"]
[EventDate "2008.??.??"]

1. Nf3 c5 2. e4 Nc6 3. d3 g6 4. g3 Bg7 5. Bg2 e6 6. Nbd2 d5 7. O-O Nge7 8. Re1
O-O 9. e5 Qc7 10. Qe2 b5 11. Nf1 Nf5 12. c3 b4 13. Bf4 bxc3 14. bxc3 Ba6 15. h4
Rab8 16. N1h2 Qa5 17. Rac1 Rb7 18. h5 Rfb8 19. Rc2 Rb1 20. Ng4 Ncd4 21. Qd2
Nxc2 22. Qxc2 R1b2 23. Qc1 Qxa2 24. Bh6 Nxh6 25. Nxh6+ Bxh6 26. Qxh6 Rxf2 27.
Nh4 Bxd3 28. Qg5 Qd2 29. Re3 Re2 0-1

[Event "oibm_2008"]
[Site "Bad Wiessee"]
[Date "2008.11.01"]
[Round "1.24"]
[White "Haub, Thorsten Michael"]
[Black "Uhlmann, David"]
[Result "1-0"]
[WhiteElo "2454"]
[BlackElo "1999"]
[PlyCount "71"]
[EventDate "2008.??.??"]

1. Nf3 Nf6 2. g3 d5 3. d3 g6 4. Bg2 Bg7 5. O-O O-O 6. Nbd2 Bf5 7. Nh4 Bg4 8. h3
Be6 9. e4 dxe4 10. dxe4 c6 11. f4 Na6 12. Qe2 Qb6+ 13. Kh2 Rad8 14. f5 Bc8 15.
Nc4 Qc7 16. Bf4 Qd7 17. Rad1 Qe8 18. g4 Nd7 19. Nf3 Nb6 20. c3 Nxc4 21. Qxc4
Rxd1 22. Rxd1 e6 23. Bd6 exf5 24. gxf5 gxf5 25. exf5 Bxf5 26. Bxf8 Bxf8 27. Qh4
Be7 28. Qg3+ Bg6 29. h4 h5 30. Qe5 Nc5 31. Qc7 Ne6 32. Qxb7 Bf6 33. Qxa7 Nf4
34. Qd7 Qe2 35. Qd2 Be5 36. Qxe2 1-0

[Event "oibm_2008"]
[Site "Bad Wiessee"]
[Date "2008.11.01"]
[Round "1.25"]
[White "Brink, Gerhard"]
[Black "Zude, Arno"]
[Result "0-1"]
[WhiteElo "1995"]
[BlackElo "2451"]
[PlyCount "104"]
[EventDate "2008.??.??"]

1. e4 e5 2. Nf3 Nc6 3. Bb5 a6 4. Ba4 Nf6 5. d3 d6 6. c3 b5 7. Bc2 Be7 8. h3 O-O
9. O-O Bb7 10. Bg5 h6 11. Be3 Nb8 12. Nh2 d5 13. Ng4 Nbd7 14. Nd2 dxe4 15. dxe4
Bd6 16. Qe2 Qe7 17. Rad1 Kh8 18. Kh1 Nc5 19. Nxf6 Qxf6 20. Qh5 Ne6 21. g3 Rad8
22. b4 c5 23. a3 Kg8 24. Nb3 c4 25. Nd2 Bc7 26. Kh2 Rd7 27. Qe2 Rfd8 28. Nb1
Nd4 29. cxd4 exd4 30. Bxd4 Rxd4 31. Rxd4 Qxd4 32. Rd1 Qf6 33. Re1 Bb6 34. f4
Bc8 35. e5 Qe7 36. g4 Qh4 37. Rf1 h5 38. f5 hxg4 39. Qxg4 Qxg4 40. hxg4 Bc7 41.
Kh3 Bxe5 42. Rd1 Rxd1 43. Bxd1 Bb7 44. Bc2 Kf8 45. g5 Ke7 46. Kg4 Kd6 47. g6
fxg6 48. fxg6 Kd5 49. a4 Kd4 50. axb5 axb5 51. Bf5 Bc6 52. Kg5 Bd6 0-1

[Event "oibm_2008"]
[Site "Bad Wiessee"]
[Date "2008.11.01"]
[Round "1.26"]
[White "Morawietz, Dieter"]
[Black "Urban, Rudolf"]
[Result "1-0"]
[WhiteElo "2449"]
[BlackElo "1994"]
[PlyCount "51"]
[EventDate "2008.??.??"]

1. e4 c6 2. d4 d5 3. e5 c5 4. dxc5 e6 5. a3 Bxc5 6. b4 Bf8 7. Nf3 Qc7 8. Bd3
Nc6 9. Bb2 Nh6 10. O-O Be7 11. Nbd2 Nf5 12. c4 dxc4 13. Nxc4 O-O 14. g4 Nh4 15.
Nxh4 Bxh4 16. Qf3 Be7 17. Rac1 a6 18. Qe4 g6 19. Qe3 Rd8 20. Rfd1 Bf8 21. Nd6
Qe7 22. Ne4 Qh4 23. Nf6+ Kg7 24. Be2 Rxd1+ 25. Rxd1 b5 26. Bf3 1-0

[Event "oibm_2008"]
[Site "Bad Wiessee"]
[Date "2008.11.01"]
[Round "1.27"]
[White "Wltschek, Christian"]
[Black "Pirrot, Dieter"]
[Result "0-1"]
[WhiteElo "1993"]
[BlackElo "2446"]
[PlyCount "60"]
[EventDate "2008.??.??"]

1. e4 e5 2. Nf3 d6 3. d4 exd4 4. Nxd4 Nf6 5. Nc3 Be7 6. Be2 O-O 7. O-O Re8 8.
f4 Bf8 9. Bf3 c5 10. Nb3 Nc6 11. a4 Nb4 12. a5 a6 13. Be3 Bf5 14. exf5 Rxe3 15.
Bxb7 Rb8 16. Bf3 d5 17. Qd2 d4 18. Bd1 Re8 19. Ne2 Ne4 20. Qc1 c4 21. Nbxd4 Bc5
22. Qe3 Nf6 23. Qd2 Rxe2 24. Bxe2 Bxd4+ 25. Kh1 Ne4 26. Qd1 c3 27. bxc3 Nxc3
28. Qd2 Ne4 29. Qd1 Qh4 30. Qxd4 Ng3+ 0-1

[Event "oibm_2008"]
[Site "Bad Wiessee"]
[Date "2008.11.01"]
[Round "1.28"]
[White "Khmelniker, Ilya"]
[Black "Wiendieck, Joerg"]
[Result "1-0"]
[WhiteElo "2443"]
[BlackElo "1992"]
[PlyCount "69"]
[EventDate "2008.??.??"]

1. d4 Nf6 2. c4 e5 3. dxe5 Ng4 4. Nf3 Nc6 5. e3 Bb4+ 6. Nbd2 a5 7. Be2 Ngxe5 8.
Nxe5 Nxe5 9. O-O O-O 10. a3 Be7 11. b3 d6 12. Bb2 f5 13. Nf3 Bf6 14. Nd4 Bd7
15. Qc2 Nc6 16. Bf3 Nxd4 17. Bxd4 Bxd4 18. exd4 c6 19. Qd2 Qf6 20. Rab1 Rfb8
21. Rfe1 b5 22. c5 a4 23. b4 Re8 24. d5 dxc5 25. bxc5 Rxe1+ 26. Rxe1 Re8 27.
Rd1 Kf8 28. h3 h6 29. Qf4 cxd5 30. Rxd5 Be6 31. Rd1 g5 32. Qd6+ Qe7 33. Qb6 Rc8
34. Re1 Re8 35. Bh5 1-0

[Event "oibm_2008"]
[Site "Bad Wiessee"]
[Date "2008.11.01"]
[Round "1.29"]
[White "Bieringer, Konrad"]
[Black "Kaplan, Sasha"]
[Result "0-1"]
[WhiteElo "1992"]
[BlackElo "2425"]
[PlyCount "72"]
[EventDate "2008.??.??"]

1. d4 Nf6 2. Nf3 c5 3. e3 g6 4. Bd3 Bg7 5. O-O O-O 6. Nbd2 d5 7. c3 Nc6 8. a3
Nd7 9. Re1 e5 10. dxe5 Ndxe5 11. Nxe5 Nxe5 12. Bc2 Bg4 13. f3 Be6 14. Nf1 Qb6
15. Kh1 Rfd8 16. Qe2 Rac8 17. Rd1 d4 18. exd4 cxd4 19. Rxd4 Rxd4 20. cxd4 Nc6
21. Ba4 Nxd4 22. Qf2 Nc2 23. Qxb6 axb6 24. Bxc2 Rxc2 25. Be3 Bxb2 26. Rd1 b5
27. Bh6 f6 28. Rd6 Bc4 29. Ng3 Bc1 30. f4 Bxa3 31. Rd8+ Kf7 32. h4 Be7 33. Rd7
b4 34. Rxb7 Bd5 35. Rb5 Bxg2+ 36. Kg1 Bc6 0-1

[Event "oibm_2008"]
[Site "Bad Wiessee"]
[Date "2008.11.01"]
[Round "1.30"]
[White "Skembris, Spyridon"]
[Black "Stierle, Martin"]
[Result "1-0"]
[WhiteElo "2422"]
[BlackElo "1990"]
[PlyCount "37"]
[EventDate "2008.??.??"]

1. d4 d6 2. e4 g6 3. Nf3 Bg7 4. Nc3 c6 5. h3 Nf6 6. Bd3 O-O 7. O-O b5 8. e5 Ne8
9. Bf4 Bb7 10. Re1 d5 11. Qd2 e6 12. a4 b4 13. Na2 a5 14. c3 bxc3 15. Qxc3 Qb6
16. Bg5 f6 17. exf6 Bxf6 18. Rxe6 Bc8 19. Rxe8 1-0

[Event "oibm_2008"]
[Site "Bad Wiessee"]
[Date "2008.11.02"]
[Round "2.3"]
[White "Bobras, Piotr"]
[Black "Schönberger, Peter"]
[Result "1-0"]
[WhiteElo "2565"]
[BlackElo "2174"]
[PlyCount "57"]
[EventDate "2008.??.??"]

1. e4 e5 2. Nf3 Nc6 3. Bb5 a6 4. Ba4 Nf6 5. O-O Be7 6. d3 b5 7. Bb3 d6 8. a4
Bb7 9. Bd2 O-O 10. Nc3 b4 11. Nd5 Nxd5 12. Bxd5 Rb8 13. Qe1 Qd7 14. a5 Bc8 15.
Ra4 Bf6 16. Bxb4 Ne7 17. Bb3 Qg4 18. Bd2 Qg6 19. Kh1 Bg4 20. Ng1 Qh5 21. Ra3
Bh4 22. g3 Bg5 23. Bxg5 Qxg5 24. f4 exf4 25. gxf4 Qh5 26. f5 d5 27. Qg3 dxe4
28. dxe4 Rbd8 29. Rf4 1-0

[Event "oibm_2008"]
[Site "Bad Wiessee"]
[Date "2008.11.02"]
[Round "2.9"]
[White "Naumann, Alexander"]
[Black "Römhild, Marcus"]
[Result "1-0"]
[WhiteElo "2518"]
[BlackElo "2163"]
[PlyCount "53"]
[EventDate "2008.??.??"]

1. Nf3 c5 2. c4 g6 3. d4 cxd4 4. Nxd4 Nc6 5. Nc2 Bg7 6. e4 d6 7. Be2 Qb6 8. Nc3
Bxc3+ 9. bxc3 Nf6 10. f3 O-O 11. Bh6 Re8 12. Ne3 Be6 13. Nd5 Bxd5 14. cxd5 Ne5
15. Qd2 Rec8 16. Be3 Qc7 17. Bd4 Nc4 18. Qh6 Ne8 19. h4 e5 20. dxe6 fxe6 21. h5
Ne5 22. hxg6 Nxg6 23. Bc4 Qf7 24. Bxe6 Qxe6 25. Qxh7+ Kf8 26. Rh6 Rc7 27. Qxg6
1-0

[Event "oibm_2008"]
[Site "Bad Wiessee"]
[Date "2008.11.02"]
[Round "2.10"]
[White "Teske, Henrik"]
[Black "Feldbacher, Harald"]
[Result "1-0"]
[WhiteElo "2513"]
[BlackElo "2159"]
[PlyCount "51"]
[EventDate "2008.??.??"]

1. e4 c5 2. Nc3 Nc6 3. Bb5 e6 4. Bxc6 bxc6 5. f4 d5 6. Nf3 Ne7 7. O-O g6 8. d3
Bg7 9. Na4 c4 10. e5 cxd3 11. cxd3 O-O 12. Be3 Nf5 13. Bc5 Re8 14. Rc1 h5 15.
Qd2 Bd7 16. Rc3 Bf8 17. Rfc1 Qa5 18. Bxf8 Qxa4 19. Bc5 Reb8 20. Ra3 Qb5 21. b4
Qb7 22. h3 Be8 23. g4 hxg4 24. hxg4 Nh6 25. f5 Nxg4 26. f6 1-0

[Event "oibm_2008"]
[Site "Bad Wiessee"]
[Date "2008.11.02"]
[Round "2.11"]
[White "Yuan, Yuanling"]
[Black "Jaracz, Pawel"]
[Result "0-1"]
[WhiteElo "2157"]
[BlackElo "2513"]
[PlyCount "56"]
[EventDate "2008.??.??"]

1. e4 c6 2. d4 d5 3. f3 e6 4. Nc3 Qb6 5. Nge2 Nf6 6. Qd3 a6 7. Bd2 Qxb2 8. Rb1
Qa3 9. Rb3 Qe7 10. Na4 Nfd7 11. exd5 cxd5 12. c4 dxc4 13. Qxc4 Qd8 14. Rc3 Nc6
15. d5 exd5 16. Qf4 Nde5 17. Nd4 Bd6 18. Nxc6 bxc6 19. Qd4 O-O 20. Be2 Qf6 21.
Be3 Nxf3+ 22. Bxf3 Be5 23. Qc5 Qh4+ 24. Bf2 Qxa4 25. Ra3 Qf4 26. g3 Qf6 27. Rb3
Bh3 28. Ke2 Rfe8 0-1